| 000 | 01658cam a22002533a 4500 | ||
|---|---|---|---|
| 001 | 5615 | ||
| 003 | PGUSA | ||
| 005 | 20140828083122.0 | ||
| 008 | 040501s2004||||xxu|||||s|||||000 | eng d | ||
| 040 |
_aPGUSA _beng |
||
| 042 | _adc | ||
| 050 | 4 | _aPZ | |
| 100 | 1 |
_aLang, Andrew, _d1844-1912 |
|
| 245 | 1 | 4 |
_aThe Pink Fairy Book _h[electronic resource] / _cAndrew Lang |
| 260 |
_bProject Gutenberg, _c2004 |
||
| 505 | 0 | _aThe Cat's Elopement -- How the Dragon was Tricked -- The Goblin and the Grocer -- The House in the Wood -- Uraschimataro and the Turtle -- The Slaying of the Tanuki -- The Flying Trunk -- The Snow Man. -- The Shirt-Collar -- The Princess in the Chest -- The Three Brothers -- The Snow-queen -- The Fir-Tree -- Hans, the Mermaid's Son -- Peter Bull -- The Bird 'Grip' -- Snowflake -- I know what I have learned -- The Cunning Shoemaker -- The King who would have a Beautiful Wife -- Catherine and her Destiny -- How the Hermit helped to win the King's Daughter -- The Water of Life -- The Wounded Lion -- The Man without a Heart -- The Two Brothers -- Master and Pupil -- The Golden Lion -- The Sprig of Rosemary -- The White Dove -- The Troll's Daughter -- Esben and the Witch -- Princess Minon-Minette -- Maiden Bright-eye -- The Merry Wives -- King Lindorm -- The Jackal, the Dove, and the Panther -- The Little Hare -- The Sparrow with the Slit Tongue -- The Story of Ciccu -- Don Giovanni de la Fortuna. | |
| 506 | _aPublic domain in the USA. | ||
| 516 | _aElectronic text | ||
| 653 | _aFolklore | ||
| 653 | _aFairy tales | ||
| 830 | 0 |
_aProject Gutenberg _v5615 |
|
| 856 | 4 | 0 | _uhttp://www.gutenberg.org/ebooks/5615 |
| 942 | _cEB | ||
| 999 |
_c234943 _d234943 |
||